[Event "Yangon zt"]
[Site "Yangon"]
[Date "1998.12.12"]
[Round "5"]
[White "De Guzman, Ricardo"]
[Black "Nyi, Nyi Zaw"]
[Result "1-0"]
[WhiteElo "2400"]
[BlackElo "2190"]
[PlyCount "81"]
[EventDate "1998.12.??"]
[EventType "swiss"]
[EventRounds "9"]
[EventCountry "BUR"]
[SourceTitle "CBM 069"]
[Source "ChessBase"]
[SourceDate "1999.04.01"]
[SourceVersion "1"]
[SourceVersionDate "1999.04.01"]
[SourceQuality "1"]

1. e4 c5 2. f4 d5 3. exd5 Qxd5 4. Nc3 Qd6 5. Nf3 Nf6 6. Bb5+ Nbd7 7. 0-0 a6 8. Bxd7+ Bxd7 9. Ne5 Bc6 10. d3 e6 11. Qe2 Be7 12. f5 exf5 13. Bf4 Qe6 14. Rae1 Rc8 15. Qf2 Kf8 16. Nc4 Ne4 17. Nxe4 fxe4 18. Bd6 f6 19. Qxc5 Rd8 20. Bxe7+ Qxe7 21. Qb6 Re8 22. b3 Kg8 23. a4 h6 24. dxe4 Kh7 25. e5 Qf7 26. exf6 Rxe1 27. Rxe1 Qxf6 28. Qf2 Qg5 29. Qd2 Qc5+ 30. Qf2 Qg5 31. Qd2 Qc5+ 32. Qe3 Qd5 33. Qd3+ Qxd3 34. cxd3 Rd8 35. Re3 Rd4 36. g3 b5 37. axb5 axb5 38. Nd2 Rb4 39. Kf2 Bd5 40. Re1 Bf7 41. Re4 1-0

[Event "Yangon zt"]
[Site "Yangon"]
[Date "1998.12.11"]
[Round "4"]
[White "Nyi, Nyi Zaw"]
[Black "Mas, Hafizulhelmi"]
[Result "1/2-1/2"]
[WhiteElo "2190"]
[BlackElo "2400"]
[PlyCount "59"]
[EventDate "1998.12.??"]
[EventType "swiss"]
[EventRounds "9"]
[EventCountry "BUR"]
[SourceTitle "CBM 069"]
[Source "ChessBase"]
[SourceDate "1999.04.01"]
[SourceVersion "1"]
[SourceVersionDate "1999.04.01"]
[SourceQuality "1"]

1. d4 d6 2. c4 e5 3. Nf3 e4 4. Nfd2 f5 5. e3 Nf6 6. Nc3 c6 7. Be2 Be7 8. 0-0 Be6 9. f3 d5 10. f4 0-0 11. cxd5 cxd5 12. a3 Qc7 13. Nb3 Rc8 14. Bd2 b6 15. Rc1 Qb7 16. Rf2 Nc6 17. h3 a6 18. Be1 Rc7 19. Bf1 Rac8 20. Rfc2 Nb8 21. Nb1 Ne8 22. Rxc7 Rxc7 23. Rxc7 Qxc7 24. Qc1 Qxc1 25. Nxc1 Bd7 26. Nc3 Nc7 27. N1a2 Kf7 28. Be2 Ke6 29. g3 g6 30. Kg2 1/2-1/2

[Event "Yangon zt"]
[Site "Yangon"]
[Date "1998.12.09"]
[Round "1"]
[White "Nyi, Nyi Zaw"]
[Black "Watanabe, Akira"]
[Result "0-1"]
[WhiteElo "2190"]
[BlackElo "2350"]
[PlyCount "120"]
[EventDate "1998.12.??"]
[EventType "swiss"]
[EventRounds "9"]
[EventCountry "BUR"]
[SourceTitle "CBM 069"]
[Source "ChessBase"]
[SourceDate "1999.04.01"]
[SourceVersion "1"]
[SourceVersionDate "1999.04.01"]
[SourceQuality "1"]

1. d4 d5 2. c4 c6 3. Nf3 Nf6 4. Nc3 e6 5. e3 Nbd7 6. Bd3 dxc4 7. Bxc4 b5 8. Bd3 Bb7 9. 0-0 a6 10. Qe2 c5 11. Rd1 cxd4 12. Nxd4 Bc5 13. Nb3 Be7 14. e4 0-0 15. Bg5 b4 16. Nb1 Ne5 17. Bc2 Qc7 18. Rc1 Ng6 19. N1d2 Qe5 20. Be3 Rac8 21. Bd4 Qg5 22. Be3 Qe5 23. Bd4 Qg5 24. Be3 Nf4 25. Qf1 e5 26. Nf3 Qh5 27. Nbd2 Bc6 28. Bxf4 exf4 29. Bd3 a5 30. Ba6 Rc7 31. h3 Bc5 32. Be2 Bxe4 33. Nb3 Bb6 34. Rxc7 Bxc7 35. Rc1 Bb6 36. Nbd2 Bd5 37. Nc4 Ba7 38. Nce5 Ne4 39. Nd3 Qf5 40. Qd1 h6 41. a3 b3 42. Nh2 Rd8 43. Bg4 Qf6 44. Bf3 Qd4 45. Qe2 Ng3 46. Qe7 Bxf3 47. Nxf3 Qxd3 48. Kh2 Bxf2 49. Ne5 Qd5 50. Nxf7 Rf8 51. Nxh6+ gxh6 52. Rc7 Rf7 53. Qe8+ Kg7 54. Rc8 Nh5 55. Qg8+ Kf6 56. Rd8 Bg3+ 57. Kh1 Qc6 58. Qh8+ Kg6 59. Rd1 f3 60. Qg8+ Ng7 0-1